000 00913nam a2200265Ia 4500
005 20250117104441.0
008 008 250103s9999 xx 000 0 eng d
020 _a9780367250829
037 _aTextbook
040 _aCSL
_beng
_cCSL
041 _aeng
_2eng
084 _aC6:212 R2 Carpa
_qCSL
100 _aDugaev, Vitalii K
_9732255
245 0 _aModern semiconductor physics and devices applications
_cDugaev, Vitalii K; Litvinov, Vladimir I
260 _aBoka raton
_bCRC Press/T&F
_c2022
300 _axiii,383p. ill.
650 _a Electons in amagnetic field
_9734675
650 _a Quantum confinement in semiconductor
_9734676
650 _a Quantum electron state and energy bands
_9734677
650 _a Transport properties
_9715506
650 _aPhysics
700 _a Litvinov, Vladimir I
_9732257
942 _cTB
_hC6:212 R2 Carpa
999 _c1238118
_d1238118